highest grossing westerns - Statistics

General Stats
  • This quiz has been taken 15 times
  • The average score is 8 of 15
Answer Stats
year starring gross film % Correct
1990 Kevin Costner $409 million Dances with Wolves
87%
2012 Jamie Foxx $191 million Django Unchained
87%
1967 Clint Eastwood $195 million The Good, the Bad, and the Ugly
80%
1999 Will Smith $209 million Wild Wild West
80%
1974 Gene Wilder $592 million Blazing Saddles
67%
2010 Jeff Bridges $202 million True Grit
67%
1992 Gene Hackman $228 million Unforgiven
67%
1969 Robert Redford $661 million Butch Cassidy and the Sundance Kid
60%
1991 Billy Crystal $276 million City Slickers
47%
1970 Dustin Hoffman $190 million Little Big Man
47%
2015 Leonardo Dicaprio $200 million The Revenant
47%
1994 Mel Gibson $227 million Maverick
40%
1998 Antonio Banderas $187 million The Mask of Zorro
33%
1979 Jane Fonda $230 million The Electric Horseman
13%
1946 Gregory peck $478 million Duel in the Sun
0%
No matching quizzes found
Score Distribution
Percent of People with Each Score
Percentile by Number Answered
Your Score History
You have not taken this quiz